000 01300nam a2200397 i 4500
001 52571
003 ES-MaCES
005 20250203134105.0
008 221129s2022 sp f 000|| spad
017 _aV 2113-2022
_bDL
020 _a9788411470049
040 _aES-MaCES
_bspa
_cES-MaCES
100 1 _939014
_aBarrio Andrés, Moisés
245 0 0 _aManual de Derecho presupuestario y de los gastos públicos
_cCoord. Luis Alfonso Martínez Giner ; autores, Eva Aliaga Agullo
250 _a4ª ed
260 _aValencia
_bTirant lo Blanch
_c2022
300 _a308 p.
_c24 cm
490 0 _aManuales
504 _aBibliografía
541 _cCompra
650 4 _apresupuesto nacional
_928073
650 4 _aelaboración del presupuesto
_928277
650 4 _agasto público
_928076
650 4 _adistribución del gasto
_930938
650 4 _adistribución del ingreso
_927109
650 4 _ahacienda pública
_928077
650 4 _aderecho financiero
_930891
650 4 _aEspaña
_926964
650 4 _amanual
_929264
653 1 0 _aDerecho financiero y tributario
700 1 _917839
_aMartínez Giner, Luis Alfonso
_ecoord.
700 1 _95926
_aAliaga Agulló, Eva
830 0 _aManuales (Tirant lo Blanch (Firma))
_933478
902 _aLIB Libro
942 _2CES
_cBK
_h6.0.10.
999 _c52571
_d52571